000 00598nam a2200193Ia 4500
005 20250508150105.0
008 008 250505s9999 xx 000 0 eng d
037 _aTextual
040 _aFEDL
_beng
_cFEDL
041 _aeng
_2eng
084 _a370.1, DON
_qFEDL
100 _aDonham Wallace Brett
_995053
245 0 _aEducation for responsible living : The opportunity for liberal - arts colleges
260 _aCambridge
_bHarvard University Press
_c1946
300 _axii,309p
650 _aEducation - Philosophy
942 _cTEXL
_h370.1, DON
999 _c1321725
_d1321725